[Event "PREFERENTE, Elche 2011"]
[Site "Centro de Congresos "]
[Date "2011.11.19"]
[Round "6"]
[White "Perez Gisbert, Santiago"]
[Black "Bouzidi, Mohamed"]
[Result "0-1"]
[WhiteElo "1527"]
[BlackElo "1889"]
[PlyCount "50"]
[EventDate "2011.10.01"]
[EventRounds "7"]
[EventCountry "ESP"]

1. e4 c5 2. Nf3 Nc6 3. d4 cxd4 4. Nxd4 e5 5. Nb5 a6 6. N5c3 Nf6 7. Bg5 h6 8.
Bh4 Qb6 9. b3 g5 10. Bg3 Bb4 11. Bd3 Qd4 12. Qd2 d5 13. a3 dxe4 14. axb4 exd3
15. Qxd3 Qxd3 16. cxd3 Nxb4 17. Kd2 Nd7 18. f3 O-O 19. Na3 Nc5 20. Bxe5 Nxb3+
21. Ke3 Nxa1 22. Rxa1 Re8 23. d4 f6 24. Ne4 Nd5+ 25. Kd3 fxe5 0-1

[Event "PREFERENTE, Elche 2011"]
[Site "Centro de Congresos "]
[Date "2011.11.26"]
[Round "7"]
[White "Perez, Rodriguez Fco  Javie"]
[Black "Fuentes Reyes, Diego"]
[Result "1/2-1/2"]
[WhiteElo "1931"]
[BlackElo "1832"]
[PlyCount "21"]
[EventDate "2011.10.01"]
[EventRounds "7"]
[EventCountry "ESP"]

1. d4 g6 2. c4 Bg7 3. Nc3 Nf6 4. e4 d6 5. Nge2 O-O 6. g3 Nc6 7. Bg2 e5 8. d5
Nd4 9. Nxd4 exd4 10. Ne2 c5 11. O-O 1/2-1/2

[Event "PREFERENTE, Elche 2011"]
[Site "Centro de Congresos "]
[Date "2011.11.26"]
[Round "7"]
[White "Cazorla Tortosa, Jesus"]
[Black "Sanchez, Trives Cayetano A"]
[Result "0-1"]
[WhiteElo "1752"]
[BlackElo "1907"]
[PlyCount "92"]
[EventDate "2011.10.01"]
[EventRounds "7"]
[EventCountry "ESP"]

1. c4 Nf6 2. Nc3 g6 3. Nf3 Bg7 4. g3 O-O 5. Bg2 c5 6. O-O Nc6 7. a3 d6 8. Rb1
Bf5 9. d3 Qc8 10. b4 cxb4 11. axb4 Bh3 12. b5 Bxg2 13. Kxg2 Nb8 14. Qb3 Nbd7
15. Be3 b6 16. Nd4 Ng4 17. Nc6 Qb7 18. Nd5 Rfe8 19. Bd2 e6 20. Ndb4 Nc5 21. Qc2
a5 22. bxa6 Nxa6 23. f3 Nxb4 24. Nxb4 Bd4 25. h3 Ne3+ 26. Bxe3 Bxe3 27. Qb2 Bh6
28. Nc2 Reb8 29. Qd4 Ra2 30. Qc3 Rba8 31. Kf2 Qa7 32. Rfe1 b5+ 33. e3 bxc4 34.
Qxc4 d5 35. Qc6 Qa5 36. Re2 Bf8 37. Rb7 Qd8 38. f4 Rc8 39. Qb5 Raxc2 40. Rxc2
Rxc2+ 41. Kf3 Qc8 42. Rb8 Qc6 43. Qb4 d4+ 44. e4 Qc5 45. Qa4 Qh5+ 46. g4 Qxh3#
0-1

[Event "PREFERENTE, Elche 2011"]
[Site "Centro de Congresos "]
[Date "2011.11.26"]
[Round "7"]
[White "Perez Pardo, Sergio Ivan"]
[Black "Lidon Cabrera, German"]
[Result "1-0"]
[WhiteElo "1720"]
[BlackElo "1779"]
[PlyCount "48"]
[EventDate "2011.10.01"]
[EventRounds "7"]
[EventCountry "ESP"]

1. e4 d6 2. d4 Nf6 3. Nc3 a6 4. Nf3 Bg4 5. h3 Bh5 6. Bg5 Nfd7 7. Bc4 h6 8. Bh4
Nb6 9. Bb3 Qd7 10. Qd3 e6 11. d5 e5 12. Nd2 Be7 13. Bxe7 Qxe7 14. g4 Bg6 15.
O-O-O N8d7 16. Na4 Nxa4 17. Bxa4 b5 18. Bb3 Nc5 19. Qe2 O-O 20. h4 Qf6 21. Rdg1
Qf4 22. f3 Nxb3+ 23. axb3 f6 24. Rg2 Be8 1-0

[Event "PREFERENTE, Elche 2011"]
[Site "Centro de Congresos "]
[Date "2011.11.26"]
[Round "7"]
[White "Perez Pardo, Adrian Jason"]
[Black "Balaguer, Cuinas Pedro"]
[Result "1-0"]
[WhiteElo "1682"]
[BlackElo "1995"]
[PlyCount "71"]
[EventDate "2011.10.01"]
[EventRounds "7"]
[EventCountry "ESP"]

1. e4 e5 2. Nf3 Nf6 3. Nc3 d6 4. d4 exd4 5. Nxd4 Be7 6. Bc4 O-O 7. O-O c6 8.
Re1 Nbd7 9. f4 Qc7 10. Nf5 Nb6 11. Nxe7+ Qxe7 12. Bd3 Be6 13. f5 Bc4 14. Bg5
Bxd3 15. cxd3 Rad8 16. Re3 h6 17. Bf4 Nbd7 18. Rg3 Kh7 19. Qe2 Rfe8 20. Re1 Qf8
21. Re3 d5 22. Nd1 dxe4 23. dxe4 Ne5 24. Nf2 Qc5 25. Kh1 Rd7 26. Bxe5 Qxe5 27.
Nd3 Qd4 28. h3 Rde7 29. e5 Nd5 30. Re4 Qb6 31. Qg4 g5 32. f6 Re6 33. Qf5+ Kh8
34. h4 Rg8 35. Qh3 gxh4 36. Rxh4 1-0

[Event "PREFERENTE, Elche 2011"]
[Site "Centro de Congresos "]
[Date "2011.11.26"]
[Round "7"]
[White "Canicio Navarro, Sonia"]
[Black "Beltra Mayoral, Miguel Angel"]
[Result "1-0"]
[WhiteElo "1873"]
[BlackElo "1658"]
[PlyCount "47"]
[EventDate "2011.10.01"]
[EventRounds "7"]
[EventCountry "ESP"]

1. d4 Nf6 2. Bf4 e6 3. e3 b6 4. Nf3 Bb7 5. Be2 Be7 6. a3 d6 7. Bg3 Nbd7 8. Nc3
h6 9. h3 Ne4 10. Nxe4 Bxe4 11. Rc1 Nf6 12. Bb5+ c6 13. Bd3 Qd7 14. c3 O-O-O 15.
c4 g5 16. c5 Bxd3 17. Qxd3 Nh5 18. Bxd6 Bxd6 19. cxd6 f6 20. Qg6 Qe8 21. Qxe8
Rhxe8 22. Rxc6+ Kb8 23. Kd2 Rc8 24. d7 1-0

[Event "PREFERENTE, Elche 2011"]
[Site "Centro de Congresos "]
[Date "2011.11.26"]
[Round "7"]
[White "Frias Catenas, Jose Luis"]
[Black "Sanz Revaliente, Jesus"]
[Result "1-0"]
[WhiteElo "1671"]
[BlackElo "1759"]
[PlyCount "91"]
[EventDate "2011.10.01"]
[EventRounds "7"]
[EventCountry "ESP"]

1. e4 e5 2. Nf3 Nf6 3. Nxe5 d6 4. Nf3 Nxe4 5. d4 d5 6. h3 Nc6 7. c3 Bd6 8. Bd3
Bf5 9. Qb3 Qe7 10. O-O Qd7 11. Bxe4 Bxe4 12. Re1 O-O-O 13. Nbd2 f5 14. a4 h6
15. Qd1 g5 16. Nxe4 dxe4 17. Nh2 Rde8 18. b4 Qg7 19. Bd2 h5 20. a5 g4 21. h4 g3
22. fxg3 Qxg3 23. Nf1 Qxh4 24. Re3 f4 25. Rh3 Qg5 26. Nh2 Rhg8 27. Qf1 e3 28.
Be1 Ne7 29. Qf3 Rh8 30. a6 Qd5 31. axb7+ Qxb7 32. Ra5 Qxf3 33. Nxf3 Kb7 34.
Raxh5 Rhg8 35. c4 c6 36. Rh7 Kb8 37. R3h5 Rg6 38. Nh4 Rg4 39. R5h6 Bc7 40. Re6
Bd8 41. Kf1 Rg5 42. Ke2 Rgg8 43. Kf3 Bc7 44. Rexe7 Rxe7 45. Rxe7 Bd8 46. Re6
1-0

[Event "PREFERENTE Gandia 2011"]
[Site "Gandia"]
[Date "2011.10.01"]
[Round "1"]
[White "Alba Zaragoza, Vicente"]
[Black "Bas Mas, Jose Joaquin"]
[Result "0-1"]
[WhiteElo "1857"]
[BlackElo "2226"]
[PlyCount "102"]
[EventDate "2011.10.01"]
[EventRounds "7"]
[EventCountry "ESP"]

1. e4 c5 2. Nf3 e6 3. c3 Nf6 4. Qc2 d5 5. Bb5+ Nc6 6. exd5 exd5 7. d4 Be6 8.
dxc5 Bxc5 9. Bg5 O-O 10. O-O Qd6 11. Nbd2 Bg4 12. Bd3 h6 13. Bh4 Nh5 14. Qa4
Bd7 15. Qc2 g5 16. Bg3 Nxg3 17. hxg3 Qxg3 18. Bf5 Qd6 19. Nb3 Bb6 20. Rad1 Bxf5
21. Qxf5 Ne7 22. Qe5 Qxe5 23. Nxe5 Rad8 24. Nf3 Nf5 25. Nbd4 Nxd4 26. Nxd4 Rfe8
27. Rfe1 Kh7 28. Kf1 Kg6 29. Rd2 Rxe1+ 30. Kxe1 h5 31. Kf1 h4 32. f3 Kf6 33.
Kg1 Ke5 34. Kf1 Bxd4 35. Rxd4 Rc8 36. Rg4 f6 37. Rd4 b5 38. Ke2 Rc4 39. Rd3 Rc7
40. Rd4 a6 41. Ke3 Rc4 42. Rd2 f5 43. Re2 g4 44. Kd3+ Kf4 45. b3 gxf3 46. Rf2
Re4 47. Rxf3+ Kg4 48. Rh3 f4 49. c4 bxc4+ 50. bxc4 Rxc4 51. a3 Re4 0-1

[Event "PREFERENTE Gandia 2011"]
[Site "Gandia"]
[Date "2011.10.01"]
[Round "1"]
[White "Frasquet Solbes, Elias"]
[Black "Maronda Escriva, Ivan"]
[Result "1-0"]
[WhiteElo "2109"]
[BlackElo "1845"]
[PlyCount "39"]
[EventDate "2011.10.01"]
[EventRounds "7"]
[EventCountry "ESP"]

1. d4 c6 2. Nf3 d5 3. c4 Nf6 4. e3 e6 5. Bd3 Nbd7 6. Nbd2 a6 7. O-O dxc4 8.
Nxc4 b5 9. Nce5 Bb7 10. a4 Nxe5 11. Nxe5 Be7 12. b3 O-O 13. Bb2 Qb6 14. Qe2
Rab8 15. Rfc1 Rfd8 16. Bc3 Nd7 17. Bxh7+ Kf8 18. axb5 Qxb5 19. Bd3 Qxd3 20.
Qxd3 1-0

[Event "PREFERENTE Gandia 2011"]
[Site "Gandia"]
[Date "2011.10.01"]
[Round "1"]
[White "Santamaria Bo, Jose Maria"]
[Black "Frances Saez, Juan Vicente"]
[Result "0-1"]
[WhiteElo "1834"]
[BlackElo "2070"]
[PlyCount "80"]
[EventDate "2011.10.01"]
[EventRounds "7"]
[EventCountry "ESP"]

1. e4 c5 2. Nc3 Nc6 3. g3 g6 4. Bg2 Bg7 5. d3 e6 6. f4 Nge7 7. Nf3 d5 8. e5 Nf5
9. Qe2 h5 10. Qf2 Qe7 11. Bh3 a6 12. Bxf5 gxf5 13. Na4 Bf8 14. Nb6 Rb8 15. b3
Qc7 16. Nxc8 Rxc8 17. a4 Be7 18. Bb2 Kd7 19. h4 Nb4 20. Qd2 Ke8 21. c3 Nc6 22.
Ng5 Kf8 23. Ke2 Kg7 24. c4 Rcd8 25. Ba3 Nd4+ 26. Kf2 Nxb3 27. Qc3 Nxa1 28. Rxa1
dxc4 29. Qxc4 Bxg5 30. hxg5 Qd7 31. Bxc5 Qxd3 32. Qxd3 Rxd3 33. Rb1 h4 34. gxh4
Rxh4 35. Be7 Rxf4+ 36. Kg2 Rxa4 37. Bf6+ Kg6 38. Kf2 Ra2+ 39. Kf1 f4 40. Ke1
Rh3 0-1

[Event "PREFERENTE Gandia 2011"]
[Site "Gandia"]
[Date "2011.10.01"]
[Round "1"]
[White "Cortell Canet, Miguel"]
[Black "Canamas Soler, Jose Vicente"]
[Result "0-1"]
[WhiteElo "1809"]
[BlackElo "1993"]
[PlyCount "42"]
[EventDate "2011.10.01"]
[EventRounds "7"]
[EventCountry "ESP"]

1. d4 d6 2. e4 Nf6 3. Nd2 g6 4. Ngf3 Bg7 5. Be2 O-O 6. O-O Nbd7 7. c4 e5 8.
dxe5 dxe5 9. b4 a5 10. b5 Re8 11. Ba3 b6 12. Qc2 Bb7 13. Rfd1 Bf8 14. Bxf8 Kxf8
15. Ne1 Qe7 16. Bf3 Nc5 17. g3 Rad8 18. Ng2 Ne6 19. Nb3 a4 20. Nd2 Nd4 21. Qxa4
Ra8 0-1

[Event "PREFERENTE Gandia 2011"]
[Site "Gandia"]
[Date "2011.10.01"]
[Round "1"]
[White "Gomar Juan, Miguel"]
[Black "Soler Nadal, Jose Antonio"]
[Result "1/2-1/2"]
[WhiteElo "1955"]
[BlackElo "1779"]
[PlyCount "25"]
[EventDate "2011.10.01"]
[EventRounds "7"]
[EventCountry "ESP"]

1. c4 e6 2. Nf3 d5 3. d4 Nf6 4. g3 c6 5. Bg2 Bb4+ 6. Bd2 Bxd2+ 7. Nbxd2 Nbd7 8.
O-O b6 9. Ne5 Nxe5 10. dxe5 Nd7 11. f4 Bb7 12. cxd5 cxd5 13. e4 1/2-1/2

[Event "PREFERENTE Gandia 2011"]
[Site "Gandia"]
[Date "2011.10.01"]
[Round "1"]
[White "Soler Ollero, Guillermo"]
[Black "Moscardo Vaya, Salvador"]
[Result "1-0"]
[WhiteElo "1756"]
[BlackElo "1913"]
[PlyCount "56"]
[EventDate "2011.10.01"]
[EventRounds "7"]
[EventCountry "ESP"]

1. d4 d5 2. c4 dxc4 3. Nf3 Nf6 4. Nc3 e6 5. Bf4 Bd6 6. Bxd6 cxd6 7. Qa4+ Bd7 8.
Qxc4 O-O 9. e4 Qa5 10. b4 Qb6 11. a3 Rc8 12. Qd3 e5 13. dxe5 Ng4 14. Ra2 Nxe5
15. Nxe5 dxe5 16. Be2 Qd4 17. Rc2 f5 18. Nd5 Qa1+ 19. Bd1 Rxc2 20. Qxc2 Nc6 21.
O-O Qxa3 22. exf5 Kh8 23. f6 Rc8 24. Qd2 Be6 25. fxg7+ Kg8 26. Nf6+ Kxg7 27.
Qg5+ Kh8 28. Nh5 Rc7 1-0

[Event "PREFERENTE Gandia 2011"]
[Site "Gandia"]
[Date "2011.10.01"]
[Round "1"]
[White "Miquel Badenes, Indalecio"]
[Black "Sala Espi, Antonio"]
[Result "1-0"]
[WhiteElo "1905"]
[BlackElo "1699"]
[PlyCount "69"]
[EventDate "2011.10.01"]
[EventRounds "7"]
[EventCountry "ESP"]

1. d4 d5 2. c4 c6 3. Nf3 Nf6 4. Nc3 dxc4 5. e4 b5 6. e5 Nd5 7. a4 Nxc3 8. bxc3
Bb7 9. e6 Qd5 10. exf7+ Qxf7 11. Ng5 Qd5 12. Qh5+ g6 13. Qg4 Qf5 14. Qe2 Bc8
15. g3 Qd5 16. Rg1 Bf5 17. Bg2 Qd7 18. Qe5 Rg8 19. axb5 h6 20. bxc6 Nxc6 21.
Qd5 hxg5 22. Qxg8 Nxd4 23. cxd4 Qxd4 24. Bc6+ Bd7 25. Qd5 Qxa1 26. Bxd7+ Kd8
27. Bc6+ Kc7 28. Qd7+ Kb6 29. Qb7+ Kc5 30. Qb5+ Kd6 31. Qd5+ Kc7 32. Qd7+ Kb6
33. Ke2 Qa2+ 34. Kf3 Rb8 35. Be3+ 1-0

[Event "PREFERENTE Gandia 2011"]
[Site "Gandia"]
[Date "2011.10.01"]
[Round "1"]
[White "Fenollar Baenas, Nahim"]
[Black "Bas Mas, Miguel"]
[Result "0-1"]
[WhiteElo "1651"]
[BlackElo "1869"]
[PlyCount "50"]
[EventDate "2011.10.01"]
[EventRounds "7"]
[EventCountry "ESP"]

1. d4 Nf6 2. Nf3 g6 3. Bf4 d5 4. h3 Bg7 5. e3 O-O 6. Be2 Nbd7 7. O-O Nb6 8. c3
Bf5 9. Nbd2 c6 10. Bh2 Re8 11. Ne5 Nfd7 12. Ndf3 Nxe5 13. Nxe5 f6 14. Nd3 Nc4
15. Nc5 Nd6 16. Bg4 Bxg4 17. Qxg4 f5 18. Qe2 e5 19. f3 exd4 20. cxd4 Bxd4 21.
Bxd6 Qxd6 22. Nxb7 Qc7 23. Qa6 Rxe3 24. Kh1 Rb8 25. Na5 Rb6 0-1

[Event "PREFERENTE Gandia 2011"]
[Site "Gandia"]
[Date "2011.10.15"]
[Round "2"]
[White "Bas Mas, Jose Joaquin"]
[Black "Del Arco Gimeno, Juan"]
[Result "1-0"]
[WhiteElo "2226"]
[BlackElo "1972"]
[PlyCount "125"]
[EventDate "2011.10.01"]
[EventRounds "7"]
[EventCountry "ESP"]

1. e4 d6 2. d4 Nf6 3. Nc3 g6 4. Be3 Bg7 5. Qd2 c6 6. f3 Nbd7 7. O-O-O Qa5 8. g4
e6 9. h4 b6 10. Kb1 Ba6 11. Nge2 Bxe2 12. Bxe2 O-O-O 13. f4 h5 14. g5 Ng4 15.
Bxg4 hxg4 16. Qg2 d5 17. Qxg4 Kb7 18. f5 exf5 19. exf5 Rhe8 20. Rhe1 Qb4 21. f6
Bf8 22. Qf3 Bd6 23. h5 Nf8 24. Bf2 Qc4 25. a3 gxh5 26. b3 Qa6 27. Nxd5 Qxa3 28.
Ne3 Qb4 29. Nc4 b5 30. Nxd6+ Qxd6 31. Qxh5 Ng6 32. Qf3 Rxe1 33. Rxe1 Qd5 34.
Qxd5 cxd5 35. Rh1 Kc6 36. Rh7 Rf8 37. Be1 Rh8 38. Rxf7 Rh1 39. Rg7 Rxe1+ 40.
Kb2 Nf8 41. Rg8 Nd7 42. f7 Rf1 43. g6 Rf6 44. Rd8 Rxg6 45. Rxd7 Rf6 46. Rxa7
Kb6 47. Re7 Ka5 48. Kc3 b4+ 49. Kd3 Kb5 50. Rb7+ Kc6 51. Rxb4 Rxf7 52. c4 Rf3+
53. Ke2 Rf4 54. c5 Rh4 55. Kd3 Rh3+ 56. Kc2 Rh2+ 57. Kc3 Rh3+ 58. Kb2 Rd3 59.
Kc2 Rh3 60. Rb6+ Kc7 61. Rd6 Rh5 62. Kc3 Kb7 63. Kb4 1-0

[Event "PREFERENTE Gandia 2011"]
[Site "Gandia"]
[Date "2011.10.15"]
[Round "2"]
[White "Castillo Pla, Emilio"]
[Black "Frasquet Solbes, Elias"]
[Result "0-1"]
[WhiteElo "1948"]
[BlackElo "2109"]
[PlyCount "94"]
[EventDate "2011.10.01"]
[EventRounds "7"]
[EventCountry "ESP"]

1. e4 c5 2. c3 e6 3. Nf3 Nf6 4. d3 d5 5. Nbd2 Nc6 6. Be2 Be7 7. O-O O-O 8. Re1
Re8 9. Qc2 Bf8 10. Nf1 e5 11. Ng3 d4 12. c4 g6 13. a3 Bg7 14. Bd2 a5 15. b3 Qe7
16. Rab1 Nd7 17. h4 Nf8 18. h5 Ne6 19. Qc1 Ra6 20. Nh2 Qc7 21. Bg4 Nf4 22. Qc2
Be6 23. hxg6 fxg6 24. Bxe6+ Nxe6 25. Ng4 Rf8 26. Ne2 h5 27. Nh6+ Kh7 28. Qc1
Nf4 29. Nxf4 exf4 30. e5 Bxh6 31. e6 Ne7 32. b4 axb4 33. axb4 b6 34. bxc5 bxc5
35. Rb5 Rf6 36. Re4 Raxe6 37. Qe1 Qd7 38. Rxc5 Rxe4 39. Qxe4 Re6 40. Re5 Rxe5
41. Qxe5 g5 42. Qe4+ Ng6 43. c5 Bg7 44. c6 Qc7 45. Qd5 Ne5 46. Qe4+ Kh8 47.
Qxd4 Nf3+ 0-1

[Event "PREFERENTE Gandia 2011"]
[Site "Gandia"]
[Date "2011.10.15"]
[Round "2"]
[White "Frances Saez, Juan Vicente"]
[Black "Miquel Badenes, Indalecio"]
[Result "0-1"]
[WhiteElo "2070"]
[BlackElo "1905"]
[PlyCount "81"]
[EventDate "2011.10.01"]
[EventRounds "7"]
[EventCountry "ESP"]

1. e4 c5 2. Nf3 Nc6 3. d4 cxd4 4. Nxd4 e5 5. Nb5 d6 6. c4 Be7 7. N1c3 a6 8. Na3
Be6 9. Be2 Bg5 10. O-O Bxc1 11. Rxc1 Nge7 12. Nc2 O-O 13. Qd2 Qd7 14. Nd5 Rad8
15. b4 f5 16. f3 Ng6 17. b5 Nce7 18. Nce3 fxe4 19. fxe4 Nf4 20. Nxf4 exf4 21.
Nd5 Nxd5 22. exd5 Bg4 23. bxa6 bxa6 24. Bf3 Rde8 25. Qd4 Re3 26. Rc3 Rxc3 27.
Qxc3 Qa7+ 28. Rf2 Rb8 29. Qc2 Re8 30. Kf1 Bxf3 31. Rxf3 Qd4 32. Qc1 Re4 33. Rc3
Qe5 34. Qd2 Re3 35. Rxe3 fxe3 36. Qd3 Qa1+ 37. Ke2 Qxa2+ 38. Kxe3 Qxg2 39. Qf5
Qg1+ 40. Kd2 Qxh2+ 41. Kc1 {bandera} 0-1

[Event "PREFERENTE Gandia 2011"]
[Site "Gandia"]
[Date "2011.10.15"]
[Round "2"]
[White "Bas Mas, Miguel"]
[Black "Banuls Perez, Fernando"]
[Result "0-1"]
[WhiteElo "1869"]
[BlackElo "2009"]
[PlyCount "66"]
[EventDate "2011.10.01"]
[EventRounds "7"]
[EventCountry "ESP"]

1. e4 c5 2. Nf3 d6 3. d4 cxd4 4. Nxd4 Nf6 5. Nc3 g6 6. Be2 Bg7 7. Be3 O-O 8.
O-O a6 9. a4 Nbd7 10. Nb3 b6 11. f4 Qc7 12. Bf3 Bb7 13. Rc1 Rad8 14. Qe2 e5 15.
g4 exf4 16. Bxf4 Rfe8 17. Qd3 Ne5 18. Bxe5 Rxe5 19. Rcd1 Bc8 20. h3 h5 21. Nd5
Nxd5 22. exd5 hxg4 23. hxg4 Rde8 24. c3 Qe7 25. Rd2 Re3 26. Qc2 Be5 27. Nd4 Bd7
28. Nc6 Qh4 29. Rg2 Bg3 30. Nd4 Re1 31. Be2 Rxf1+ 32. Kxf1 Bxg4 33. Qd3 Qh1+
0-1

[Event "PREFERENTE Gandia 2011"]
[Site "Gandia"]
[Date "2011.10.15"]
[Round "2"]
[White "Canamas Soler, Jose Vicente"]
[Black "Gonzalez Soto, Jose"]
[Result "1-0"]
[WhiteElo "1993"]
[BlackElo "1790"]
[PlyCount "35"]
[EventDate "2011.10.01"]
[EventRounds "7"]
[EventCountry "ESP"]

1. e4 e6 2. d4 d5 3. Nc3 dxe4 4. Nxe4 Nf6 5. Bg5 Nbd7 6. Nf3 Be7 7. Nxf6+ Bxf6
8. Qd2 O-O 9. h4 a6 10. O-O-O h6 11. Qf4 Re8 12. Bd3 Nf8 13. Kb1 b5 14. Bxf6
Qxf6 15. Qxc7 Re7 16. Qg3 Bb7 17. Ne5 Rc8 18. Ng4 1-0

[Event "PREFERENTE Gandia 2011"]
[Site "Gandia"]
[Date "2011.10.15"]
[Round "2"]
[White "Garcia Requena, Joan"]
[Black "Soler Ollero, Guillermo"]
[Result "1/2-1/2"]
[WhiteElo "1760"]
[BlackElo "1756"]
[PlyCount "36"]
[EventDate "2011.10.01"]
[EventRounds "7"]
[EventCountry "ESP"]

1. d4 Nf6 2. Bg5 d5 3. Bxf6 exf6 4. e3 Bf5 5. Bd3 Bxd3 6. Qxd3 c6 7. c4 Bb4+ 8.
Nc3 O-O 9. Nge2 dxc4 10. Qxc4 Bd6 11. Ne4 Na6 12. Nxd6 Qxd6 13. O-O Nc7 14. Nc3
Rfe8 15. b4 a6 16. a4 Rac8 17. Qb3 f5 18. Rad1 Qe6 1/2-1/2

[Event "PREFERENTE Gandia 2011"]
[Site "Gandia"]
[Date "2011.10.15"]
[Round "2"]
[White "Arlandis Clari, Enrique"]
[Black "Cortell Canet, Miguel"]
[Result "1/2-1/2"]
[WhiteElo "1970"]
[BlackElo "1809"]
[PlyCount "55"]
[EventDate "2011.10.01"]
[EventRounds "7"]
[EventCountry "ESP"]

1. e4 d5 2. exd5 Qxd5 3. Nc3 Qa5 4. Bc4 Nf6 5. Nf3 Bg4 6. O-O e6 7. Qe2 Be7 8.
Ne4 O-O 9. h3 Bh5 10. c3 Qf5 11. Ng3 Qc5 12. Nxh5 Nxh5 13. d4 Qd6 14. Ne5 Nf6
15. Bf4 Qd8 16. Rad1 c6 17. Rfe1 Nd5 18. Bg3 Nd7 19. f4 Nxe5 20. fxe5 Bg5 21.
Bxd5 Qxd5 22. Qg4 Bh6 23. a3 Qb5 24. Rb1 Rad8 25. Bf4 Bxf4 26. Qxf4 Rd7 27. Rf1
Qc4 28. Qf2 1/2-1/2

[Event "PREFERENTE Gandia 2011"]
[Site "Gandia"]
[Date "2011.10.15"]
[Round "2"]
[White "Moscardo Vaya, Salvador"]
[Black "Bonell Selles, Juan"]
[Result "1-0"]
[WhiteElo "1913"]
[BlackElo "1769"]
[PlyCount "45"]
[EventDate "2011.10.01"]
[EventRounds "7"]
[EventCountry "ESP"]

1. e4 c5 2. f4 d6 3. Nf3 g6 4. c3 Nf6 5. e5 dxe5 6. fxe5 Nh5 7. d4 Bg7 8. Bb5+
Kf8 9. O-O a6 10. Bd3 h6 11. Nh4 Kg8 12. Bc4 e6 13. Qg4 cxd4 14. cxd4 Nc6 15.
Nf3 b5 16. Bb3 Ne7 17. Nc3 Bb7 18. Nh4 Nf5 19. Nxf5 exf5 20. Qxg6 Qxd4+ 21. Kh1
Rf8 22. Qxh5 b4 23. Ne2 1-0

[Event "PREFERENTE Gandia 2011"]
[Site "Gandia"]
[Date "2011.10.15"]
[Round "2"]
[White "Maronda Escriva, Ivan"]
[Black "Fenollar Baenas, Nahim"]
[Result "1-0"]
[WhiteElo "1845"]
[BlackElo "1651"]
[PlyCount "67"]
[EventDate "2011.10.01"]
[EventRounds "7"]
[EventCountry "ESP"]

1. d4 g6 2. Nf3 Bg7 3. c4 d6 4. g3 Nf6 5. Bg2 O-O 6. O-O Bf5 7. Nc3 c6 8. Re1
d5 9. cxd5 cxd5 10. Qb3 Bc8 11. Bf4 Nc6 12. Rad1 a6 13. Ne5 e6 14. Nxc6 bxc6
15. Qb4 a5 16. Qc5 Bb7 17. Na4 Re8 18. Qc2 Nh5 19. Be3 Qc7 20. Bf3 e5 21. Bxh5
gxh5 22. dxe5 Qxe5 23. Bf4 Qe4 24. Qxe4 Rxe4 25. Nc5 Rb4 26. b3 Rb5 27. Rc1 Bd4
28. Nxb7 Rxb7 29. Rxc6 Rb6 30. Rxb6 Bxb6 31. Rc1 Re8 32. Rc6 Ba7 33. Ra6 Ra8
34. Be3 1-0

[Event "PREFERENTE Gandia 2011"]
[Site "Gandia"]
[Date "2011.10.22"]
[Round "3"]
[White "Frasquet Solbes, Elias"]
[Black "Canamas Soler, Jose Vicente"]
[Result "1/2-1/2"]
[WhiteElo "2109"]
[BlackElo "1993"]
[PlyCount "82"]
[EventDate "2011.10.01"]
[EventRounds "7"]
[EventCountry "ESP"]

1. d4 Nf6 2. Nf3 g6 3. c4 Bg7 4. Nc3 O-O 5. e4 d6 6. Be2 e5 7. O-O Nc6 8. d5
Ne7 9. Ne1 Nd7 10. Be3 f5 11. f3 f4 12. Bf2 g5 13. Nb5 a6 14. Na7 Nf6 15. Nxc8
Qxc8 16. c5 Kh8 17. Rc1 Qd7 18. Qb3 Rab8 19. Nd3 Rg8 20. cxd6 cxd6 21. Bb6 Rbc8
22. Nf2 Rxc1 23. Rxc1 Rc8 24. Rc3 Rxc3 25. bxc3 Nc8 26. Ba5 Bf8 27. c4 Be7 28.
Nd3 Kg7 29. Be1 Qc7 30. Bf2 Nd7 31. Bf1 Ncb6 32. Qb4 Qxc4 33. Qa5 Qb5 34. Qxb5
axb5 35. Nb4 Nc4 36. a4 Bd8 37. axb5 Na3 38. g3 Bb6 39. Bh3 Bxf2+ 40. Kxf2 Nb6
41. Bf1 Nac4 1/2-1/2

[Event "PREFERENTE Gandia 2011"]
[Site "Gandia"]
[Date "2011.10.22"]
[Round "3"]
[White "Miquel Badenes, Indalecio"]
[Black "Soler Ollero, Guillermo"]
[Result "1/2-1/2"]
[WhiteElo "1905"]
[BlackElo "1756"]
[PlyCount "64"]
[EventDate "2011.10.01"]
[EventRounds "7"]
[EventCountry "ESP"]

1. d4 Nf6 2. c4 g6 3. f3 d5 4. cxd5 Nxd5 5. e4 Nb6 6. Be3 Bg7 7. Nc3 Nc6 8. Bb5
Bd7 9. Rc1 a6 10. Bd3 Bxd4 11. Bh6 e6 12. g3 Qf6 13. f4 Bxg1 14. Rxg1 Qd4 15.
Kf1 Qe3 16. Kg2 Nb4 17. Bb1 Nc4 18. Qe2 Qxe2+ 19. Nxe2 Nxb2 20. Bg7 N2d3 21.
Bxd3 Nxd3 22. Bxh8 Nxc1 23. Rxc1 Bc6 24. Kf2 O-O-O 25. Be5 Rd2 26. Ke3 Rxa2 27.
Nd4 Ra3+ 28. Kf2 Ra2+ 29. Kg1 Kd7 30. Nxc6 bxc6 31. Rd1+ Kc8 32. Rc1 Kd7
1/2-1/2

[Event "PREFERENTE Gandia 2011"]
[Site "Gandia"]
[Date "2011.10.22"]
[Round "3"]
[White "Maronda Escriva, Ivan"]
[Black "Frances Saez, Juan Vicente"]
[Result "0-1"]
[WhiteElo "1845"]
[BlackElo "2070"]
[PlyCount "92"]
[EventDate "2011.10.01"]
[EventRounds "7"]
[EventCountry "ESP"]

1. d4 Nf6 2. Nf3 g6 3. c4 Bg7 4. g3 d6 5. Bg2 O-O 6. Nc3 Nbd7 7. O-O c6 8. h3
e5 9. Re1 Re8 10. e4 exd4 11. Nxd4 Ne5 12. b3 a5 13. Bg5 h6 14. Be3 Kh7 15. Rc1
Ned7 16. Nf3 Qe7 17. Bf4 Ne5 18. Nxe5 dxe5 19. Be3 Be6 20. Qe2 Nd7 21. Na4 f5
22. exf5 gxf5 23. Nb6 Nxb6 24. Bxb6 a4 25. Qc2 axb3 26. axb3 Kh8 27. Ra1 Qb4
28. Rxa8 Qxe1+ 29. Kh2 Rxa8 30. Qd3 Qb4 31. Be3 e4 32. Qd1 Ra1 33. Qh5 Qf8 34.
Bf4 Rb1 35. g4 Qf7 36. Qh4 Qg6 37. gxf5 Bxf5 38. Qe7 Rxb3 39. c5 Qe6 40. Qh4
Be5 41. Kg1 Bxf4 42. Qxf4 e3 43. Qb8+ Kh7 44. Qc7+ Kg6 45. Qg3+ Kf6 46. Qh4+
Kf7 0-1

[Event "PREFERENTE Gandia 2011"]
[Site "Gandia"]
[Date "2011.10.22"]
[Round "3"]
[White "Santamaria Bo, Jose Maria"]
[Black "Gomar Juan, Miguel"]
[Result "1/2-1/2"]
[WhiteElo "1834"]
[BlackElo "1955"]
[PlyCount "80"]
[EventDate "2011.10.01"]
[EventRounds "7"]
[EventCountry "ESP"]

1. e4 e5 2. Nf3 Nc6 3. Bb5 a6 4. Ba4 Nf6 5. O-O Be7 6. Re1 b5 7. Bb3 O-O 8. c3
d5 9. exd5 Nxd5 10. h3 Bf6 11. d3 Re8 12. Nbd2 Nf4 13. Ne4 Nxd3 14. Nxf6+ gxf6
15. Re3 Nf4 16. Nd2 Be6 17. Rg3+ Kh8 18. Bxe6 fxe6 19. Qf3 Ne7 20. Ne4 Nf5 21.
Bxf4 exf4 22. Rg4 e5 23. Rd1 Qe7 24. g3 Ng7 25. Rh4 f5 26. Rd7 Qe6 27. Rxh7+
Kxh7 28. Ng5+ Kh6 29. Nxe6 Nxe6 30. Qc6 fxg3 31. fxg3 Kg5 32. Re7 Rxe7 33. Qxa8
e4 34. Qg8+ Kf6 35. Qh8+ Rg7 36. Qh6+ Rg6 37. Qh8+ Kf7 38. Qh7+ Kf6 39. Qh8+
Kf7 40. Qh7+ Kf6 1/2-1/2

[Event "PREFERENTE Gandia 2011"]
[Site "Gandia"]
[Date "2011.10.22"]
[Round "3"]
[White "Garcia Requena, Joan"]
[Black "Moscardo Vaya, Salvador"]
[Result "0-1"]
[WhiteElo "1760"]
[BlackElo "1913"]
[PlyCount "54"]
[EventDate "2011.10.01"]
[EventRounds "7"]
[EventCountry "ESP"]

1. c4 c5 2. g3 Nc6 3. Bg2 Nf6 4. Nc3 e5 5. d3 Be7 6. Nf3 O-O 7. O-O d6 8. a3 a5
9. Nd2 Bg4 10. Nde4 Nxe4 11. Bxe4 Qd7 12. Nd5 Ra6 13. Re1 f5 14. Bf3 Nd4 15.
Bxg4 fxg4 16. Be3 Nf5 17. Rf1 Bd8 18. b4 b6 19. b5 Ra7 20. Nc3 Qf7 21. a4 Qh5
22. Qd2 Raf7 23. Ne4 h6 24. f4 Bf6 25. fxe5 Bxe5 26. Rab1 Nxe3 27. Rxf7 Rxf7
0-1